| 000 | 00707nam a22002297a 4500 | ||
|---|---|---|---|
| 005 | 20170124110020.0 | ||
| 010 | _aA-109983 | ||
| 020 |
_c00.00 _a0706913868 |
||
| 035 | _aA-109983 | ||
| 037 | _bCen Lib/Ret | ||
| 040 |
_aDPL _bEN |
||
| 082 |
_a338.9 _bMON |
||
| 100 |
_aMongia, J. N. _913574 |
||
| 245 |
_aEconomics for administrators / _cby J. N. Mongia |
||
| 260 |
_aNew Delhi _bVikas Publishing House _c1982 |
||
| 270 |
_bNew Delhi _a5, Ansari Road, Darya Ganj _e110002 |
||
| 300 |
_a539p. _c24cm(Hb) |
||
| 500 | _aIncludes index | ||
| 650 |
_aIndia -- Economic conditions -- 1947- _919435 |
||
| 650 |
_aIndia -- Economic policy -- 1947- _919436 |
||
| 942 |
_2ddc _cEN _h338.9 _mMON |
||
| 999 |
_c127112 _d127112 |
||